Mucho, poquito o nada (Registro nro. 3846)

Detalles MARC
000 -LEADER
fixed length control field 01656 a2200265 4500
001 - CONTROL NUMBER
control field 44905
005 - DATE AND TIME OF LATEST TRANSACTION
control field 20260407155724.0
008 - FIXED-LENGTH DATA ELEMENTS--GENERAL INFORMATION
fixed length control field 260407a1990 arg spa d
003 - CONTROL NUMBER IDENTIFIER
control field AR-UNSa-BCEJYS
040 ## - CATALOGING SOURCE
Original cataloging agency AR-UNSa-BCEJYS
Language of cataloging spa
Transcribing agency AR-UNSa-BCEJYS
080 ## - UNIVERSAL DECIMAL CLASSIFICATION NUMBER
Universal Decimal Classification number 304.4(82)
Common auxiliary subdivision Aspectos generales de las políticas y prácticas sociales y culturales en Argentina (política social)
020 ## - INTERNATIONAL STANDARD BOOK NUMBER
International Standard Book Number 92-806-00-109
041 ## - LANGUAGE CODE
Language code of text/sound track or separate title spa
100 1# - MAIN ENTRY--PERSONAL NAME
Personal name Bustelo, Eduardo S.
245 10 - TITLE STATEMENT
Title Mucho, poquito o nada
Name of part/section of a work crisis y alternativas de polìtica social en los `90
264 #1 - PRODUCTION, PUBLICATION, DISTRIBUTION, MANUFACTURE, AND COPYRIGHT NOTICE
Place of production, publication, distribution, manufacture Buenos Aires :
Name of producer, publisher, distributor, manufacturer UNICEF
Date of production, publication, distribution, manufacture, or copyright notice 1990
300 ## - PHYSICAL DESCRIPTION
Extent 255 p.
Dimensions 23 cm.
505 ## - FORMATTED CONTENTS NOTE
Formatted contents note 1. Ciudadanía o marginalidad: Política social argentina en los ´90 / Ernesto A. Isuani – 2. El tercer sector y el desarrollo social / Andrés Thompson – 3. L a protección al menor o el reino del revés / Cecilia Forteza y Carolina Cassous – 4. La atención a la salud infantil: Un espacio para el cambio / Hugo Mercer – 5. La escuela y equidad: Criterios de políticas / Emilio Tenti – 6. Restricciones y posibilidades de la política habitacional argentina / Susana Lumi – 7. El empleo urbano argentino de los ´80. Tendencias recientes y perspectivas / Rosalía Cortes – 8. Mucho, poquito o nada: Crisis y alternativas de política social en los ´90 / Eduardo S. Bustelo.
590 ## - LOCAL NOTE (RLIN)
Local note niveau_biblio:m niveau_hierar:0
700 1# - ADDED ENTRY--PERSONAL NAME
Personal name Isuani, Ernesto Aldo
700 1# - ADDED ENTRY--PERSONAL NAME
Personal name UNICEF
700 1# - ADDED ENTRY--PERSONAL NAME
Personal name Centro Interdisciplinario para el Estudio de Políticas Públicas (CIEPP)
856 41 - ELECTRONIC LOCATION AND ACCESS
Uniform Resource Identifier <a href="https://www.biblioeco.unsa.edu.ar/pmb/images/libros/L127029.jpg">https://www.biblioeco.unsa.edu.ar/pmb/images/libros/L127029.jpg</a>
Link text Imagen de portada
Electronic format type image/jpeg
942 ## - ADDED ENTRY ELEMENTS (KOHA)
Koha item type
Existencias
Withdrawn status Lost status Damaged status Not for loan Home library Current library Shelving location Date acquired Total checkouts Full call number Barcode Date last seen Price effective from Koha item type
        Biblioteca Prof. Eusebio Cleto del Rey Biblioteca Prof. Eusebio Cleto del Rey   07/04/2026   304.4(82) B982 L127029 07/04/2026 07/04/2026 Libro